[Event "FB22 1920 SV Mülheim-Nord - Schachclub"]
[Site "?"]
[Date "2019.09.14"]
[Round "1.1"]
[White "Freitag, Julia"]
[Black "Vogel, Heike"]
[Result "1/2-1/2"]
[WhiteElo "2120"]
[BlackElo "2143"]
[PlyCount "82"]
[EventDate "2019.??.??"]

1. d4 d5 2. e3 Nf6 3. Bd3 c5 4. c3 Nc6 5. f4 Bg4 6. Nf3 e6 7. O-O Bd6 8. Qe1
Bf5 9. Qe2 Qe7 10. a4 c4 11. Bxf5 exf5 12. b3 Na5 13. bxc4 Nxc4 14. Ne5 Rc8 15.
Nd2 Bxe5 16. fxe5 Ne4 17. Nxc4 Rxc4 18. Rxf5 O-O 19. Ba3 Qe6 20. Raf1 Rfc8 21.
Rxf7 Qxf7 22. Rxf7 Kxf7 23. Qh5+ Kg8 24. e6 Rxc3 25. Qf7+ Kh8 26. h4 Nf6 27.
Bf8 Ne8 28. e7 h6 29. Kf2 Rc2+ 30. Kf3 R2c6 31. Qxd5 Rf6+ 32. Kg3 Rg6+ 33. Kh3
Rc1 34. Kh2 Nf6 35. Qxb7 Ng4+ 36. Kg3 Rf1 37. Bxg7+ Kh7 38. h5 Rg5 39. e8=Q
Nf6+ 40. Kh2 Ng4+ 41. Kg3 Nf6+ 1/2-1/2

[Event "FB22 1920 SV Mülheim-Nord - Schachclub"]
[Site "?"]
[Date "2019.09.14"]
[Round "1.2"]
[White "Plass, Mariana-Camelia"]
[Black "Engels, Natia"]
[Result "1/2-1/2"]
[WhiteElo "2035"]
[BlackElo "2134"]
[PlyCount "39"]
[EventDate "2019.??.??"]

1. d4 Nf6 2. c4 e6 3. Nf3 d5 4. g3 c5 5. cxd5 exd5 6. Bg2 Nc6 7. O-O c4 8. Nc3
Be7 9. Ne5 O-O 10. b3 cxb3 11. Nxc6 bxc6 12. Qxb3 Bf5 13. Qa4 Qb6 14. Bf4 Bb4
15. Rac1 Rfe8 16. Bc7 Qxc7 17. Qxb4 Qb6 18. Qa4 Rac8 19. Rfd1 a5 20. e3 1/2-1/2

[Event "FB22 1920 SV Mülheim-Nord - Schachclub"]
[Site "?"]
[Date "2019.09.14"]
[Round "1.3"]
[White "Miljkovic, Jovana"]
[Black "Limbourg, Marina"]
[Result "1/2-1/2"]
[WhiteElo "2015"]
[BlackElo "2030"]
[PlyCount "112"]
[EventDate "2019.??.??"]

1. Nf3 Nf6 2. c4 g6 3. Nc3 c5 4. e4 Nc6 5. d4 cxd4 6. Nxd4 d6 7. Be2 Bg7 8. Be3
O-O 9. O-O Bd7 10. Qd2 Rc8 11. f3 a6 12. Rac1 Re8 13. Rfd1 Qa5 14. Nb3 Qh5 15.
c5 Be6 16. cxd6 Red8 17. Qe1 exd6 18. Qg3 Bxb3 19. axb3 Qe5 20. Qxe5 dxe5 21.
Bb6 Rd7 22. Na4 h5 23. Kf2 Re8 24. Rxd7 Nxd7 25. Bxa6 Nxb6 26. Nxb6 Nd4 27. Bc4
Rd8 28. Bd5 Rd6 29. Rc8+ Kh7 30. Na4 Rf6 31. Nc5 Rb6 32. Bxf7 Rb4 33. Bd5 b6
34. Ne6 Nxe6 35. Bxe6 Kh6 36. Bf7 Bf6 37. Rg8 Bg7 38. Rd8 Bf6 39. Rd6 Kg7 40.
Rd7 Kh6 41. Bc4 Bg5 42. Bg8 Bc1 43. h4 g5 44. hxg5+ Kxg5 45. g3 Bxb2 46. Rd6
Rd4 47. Rd5 Kf6 48. Kg2 Kg7 49. Be6 Kf6 50. Bd7 Rxd5 51. exd5 Ke7 52. Bf5 Kd6
53. Bg6 h4 54. g4 Bc1 55. Bf7 Kc5 56. Be6 Bg5 1/2-1/2

[Event "FB22 1920 SV Mülheim-Nord - Schachclub"]
[Site "?"]
[Date "2019.09.14"]
[Round "1.4"]
[White "Schmidt, Andrea"]
[Black "Moeller, Hannah"]
[Result "1/2-1/2"]
[WhiteElo "1993"]
[BlackElo "1859"]
[PlyCount "80"]
[EventDate "2019.??.??"]

1. e4 g6 2. d4 Bg7 3. Nf3 d6 4. Bc4 Nf6 5. Qe2 Nc6 6. c3 O-O 7. Bg5 h6 8. Bf4
Nh5 9. Be3 e5 10. dxe5 Nxe5 11. Nxe5 dxe5 12. g3 Qd6 13. Nd2 Be6 14. O-O-O b5
15. Bb3 Rfb8 16. Rhf1 a5 17. f4 a4 18. Bxe6 Qxe6 19. a3 Qc6 20. f5 Bf8 21. fxg6
fxg6 22. Kc2 Qe6 23. Qf2 Rd8 24. g4 Nf4 25. Bxf4 exf4 26. Qxf4 Bg7 27. Rf3 c5
28. Rdf1 Rf8 29. Qe3 Rxf3 30. Qxf3 Qa2 31. Qd3 b4 32. axb4 cxb4 33. Qc4+ Qxc4
34. Nxc4 bxc3 35. bxc3 Rc8 36. Kd3 Rd8+ 37. Kc2 Rc8 38. Kd3 Rd8+ 39. Kc2 Rc8
40. Kd3 Rd8+ 1/2-1/2

[Event "FB22 1920 SV Mülheim-Nord - Schachclub"]
[Site "?"]
[Date "2019.09.14"]
[Round "1.5"]
[White "Veldhuis, Karina"]
[Black "Hiebsch, Catalina"]
[Result "0-1"]
[WhiteElo "1821"]
[BlackElo "1770"]
[PlyCount "140"]
[EventDate "2019.??.??"]

1. d4 f5 2. Bg5 Nf6 3. Nf3 e6 4. e3 Be7 5. Nbd2 O-O 6. c4 d6 7. Bd3 Nc6 8. Qb3
Kh8 9. O-O e5 10. d5 Nb8 11. e4 f4 12. Bxf6 Bxf6 13. Kh1 Nd7 14. Qc3 g5 15. h3
Qe8 16. Nh2 h5 17. Be2 Qg6 18. Qf3 h4 19. Qh5+ Kg7 20. Qxg6+ Kxg6 21. Ng4 Be7
22. b4 Nf6 23. Nxf6 Kxf6 24. Rac1 c6 25. c5 Bd7 26. Rfd1 Rac8 27. Bg4 Rfd8 28.
Bxd7 Rxd7 29. Nb3 cxd5 30. exd5 e4 31. c6 bxc6 32. dxc6 Rdc7 33. b5 Ke5 34. a4
d5 35. Nd4 Bb4 36. Nb3 e3 37. fxe3 fxe3 38. Rd4 Bd2 39. Rxd2 exd2 40. Nxd2 Kd6
41. Nf3 Rg7 42. a5 Kc7 43. Re1 Rcg8 44. Nd4 Rf7 45. Kg1 g4 46. hxg4 Rxg4 47.
b6+ axb6 48. axb6+ Kxb6 49. Rb1+ Kc5 50. c7 Rxc7 51. Ne6+ Kd6 52. Nxc7 Kxc7 53.
Rb3 Kd6 54. Kh2 Ke5 55. Kh3 Re4 56. g4 hxg3 57. Kxg3 Kd4 58. Kf2 Kc4 59. Ra3 d4
60. Ra4+ Kb3 61. Ra7 Kc2 62. Kf3 Re8 63. Rc7+ Kd2 64. Ra7 d3 65. Rc7 Kd1 66.
Kf2 Re2+ 67. Kf3 Rc2 68. Rd7 d2 69. Ke3 Ke1 70. Rh7 Rc3+ 0-1

[Event "FB22 1920 SV Mülheim-Nord - Schachclub"]
[Site "?"]
[Date "2019.09.14"]
[Round "1.6"]
[White "Roitburd, Swetlana"]
[Black "Stoffers, Elsbeth"]
[Result "1-0"]
[WhiteElo "1699"]
[BlackElo "1421"]
[PlyCount "77"]
[EventDate "2019.??.??"]

1. e4 c6 2. d4 d5 3. Nc3 dxe4 4. Nxe4 Nd7 5. Nf3 Ngf6 6. Ng3 e6 7. Bc4 Bd6 8.
Ne2 b5 9. Bd3 Bb7 10. O-O a6 11. Bf4 Bxf4 12. Nxf4 Qc7 13. Qd2 O-O 14. c3 c5
15. Be2 Ne4 16. Qe3 Ndf6 17. Ne5 cxd4 18. cxd4 Nd7 19. Nxd7 Qxd7 20. Bf3 Nf6
21. Rfd1 Bxf3 22. Qxf3 Rac8 23. b3 h6 24. h3 Rfd8 25. Qe3 Nd5 26. Nxd5 Qxd5 27.
Qe2 Rd6 28. Rd3 Rdc6 29. Qg4 Rc1+ 30. Rxc1 Rxc1+ 31. Kh2 Qg5 32. Qe4 Rc2 33.
Rg3 Qf5 34. Qa8+ Kh7 35. Rf3 Qd5 36. Qxa6 Qxd4 37. Rxf7 Qe5+ 38. f4 Qe2 39. Qb7
1-0

[Event "FB22 1920 SK Langen - SV Hemer 1932"]
[Site "?"]
[Date "2019.09.14"]
[Round "1.3"]
[White "Ciolacu, Alessia-Mihaela"]
[Black "Ehmann, Johanna"]
[Result "1-0"]
[WhiteElo "2069"]
[BlackElo "1868"]
[PlyCount "77"]
[EventDate "2019.??.??"]

1. Nf3 Nf6 2. d4 d5 3. Bg5 e6 4. e3 c5 5. c4 dxc4 6. Bxc4 cxd4 7. exd4 Be7 8.
Nc3 O-O 9. O-O Nc6 10. a3 Nd5 11. Bxd5 exd5 12. Bxe7 Nxe7 13. Re1 Bg4 14. h3
Bf5 15. Qb3 Qd7 16. Re5 Be6 17. Rae1 Ng6 18. R5e3 b6 19. Ne5 Nxe5 20. Rxe5 Rad8
21. R1e3 Qc6 22. Kh2 Rd6 23. Qb5 Qb7 24. Qe2 Qd7 25. Nb5 Rc6 26. Rc3 a6 27.
Rxc6 Qxc6 28. Nc3 b5 29. Qe3 Qd6 30. g3 b4 31. Ne2 bxa3 32. bxa3 Bd7 33. Nf4
Bc6 34. Nh5 Qg6 35. Rg5 Qc2 36. Rxg7+ Kh8 37. Rg4 Re8 38. Qf3 Re7 39. Qf6# 1-0

[Event "FB22 1920 SK Langen - SV Hemer 1932"]
[Site "?"]
[Date "2019.09.14"]
[Round "1.4"]
[White "Flach, Helene"]
[Black "Moeller, Lisa-Marie"]
[Result "1-0"]
[WhiteElo "1751"]
[BlackElo "1955"]
[PlyCount "79"]
[EventDate "2019.??.??"]

1. e4 c5 2. Nf3 e6 3. d4 cxd4 4. Nxd4 a6 5. Bd3 b5 6. O-O Bb7 7. Nc3 Qb6 8. Nb3
Qc7 9. a4 b4 10. Nb1 Nf6 11. Qe2 Nc6 12. N1d2 Be7 13. a5 d5 14. Re1 Ne5 15.
exd5 Nxd3 16. Qxd3 Bxd5 17. Nf3 O-O 18. Ne5 Bd6 19. f4 Nd7 20. Nxd7 Qxd7 21.
Be3 Qc6 22. Rad1 Rfd8 23. Qe2 Rac8 24. Rd2 Qc4 25. Qg4 e5 26. Red1 Be6 27. Qg3
exf4 28. Qxf4 Qxf4 29. Bxf4 Be7 30. Be3 Bg4 31. Rxd8+ Rxd8 32. Rxd8+ Bxd8 33.
Bc5 Bd1 34. Bxb4 Bxc2 35. Nc5 Bf6 36. Bc3 Bxc3 37. bxc3 Kf8 38. Nxa6 Ke7 39.
Kf2 Be4 40. g3 1-0

[Event "FB22 1920 SK Langen - SV Hemer 1932"]
[Site "?"]
[Date "2019.09.14"]
[Round "1.5"]
[White "Naumenko, Valerija"]
[Black "Buchholz, Maja"]
[Result "1-0"]
[WhiteElo "1604"]
[BlackElo "1711"]
[PlyCount "59"]
[EventDate "2019.??.??"]

1. e4 e6 2. d4 d5 3. Nc3 Nf6 4. exd5 exd5 5. Bg5 c6 6. Qd2 Bd6 7. O-O-O O-O 8.
Bd3 b5 9. f3 a5 10. h4 Nbd7 11. g4 a4 12. Be3 Qb6 13. h5 b4 14. Nce2 b3 15. a3
Bxa3 16. bxa3 b2+ 17. Kb1 Rb8 18. g5 Ne8 19. g6 Ndf6 20. h6 fxg6 21. hxg7 Nxg7
22. Bh6 Rf7 23. Nh3 Ne6 24. Ng5 Rfb7 25. Nxe6 Bxe6 26. Qg5 Qd8 27. Bxg6 Qe7 28.
Bxh7+ Kh8 29. Bd3 Rb6 30. Bf8+ 1-0

[Event "FB22 1920 Lübecker SV - Delmenhorster "]
[Site "?"]
[Date "2019.09.14"]
[Round "1.1"]
[White "Brunner, Sophia"]
[Black "Kopylov, Luba"]
[Result "0-1"]
[WhiteElo "1968"]
[BlackElo "2018"]
[PlyCount "44"]
[EventDate "2019.??.??"]

1. d4 Nf6 2. Nf3 g6 3. g3 d5 4. Bg2 Bg7 5. O-O O-O 6. c4 c6 7. Qb3 Qb6 8. c5
Qxb3 9. axb3 Na6 10. Bd2 Ne4 11. Ra4 e5 12. e3 exd4 13. exd4 Bf5 14. Nc3 Nxd2
15. Nxd2 Bd3 16. Rd1 Nc7 17. Nf3 Bc2 18. Rc1 Bxb3 19. Rb4 Bc4 20. Rxb7 Ne6 21.
Rd1 Rfb8 22. Rc7 Nxc7 0-1

[Event "FB22 1920 Lübecker SV - Delmenhorster "]
[Site "?"]
[Date "2019.09.14"]
[Round "1.2"]
[White "Braeutigam, Irina"]
[Black "Wollscheid, Stefanie"]
[Result "1-0"]
[WhiteElo "2054"]
[BlackElo "1690"]
[PlyCount "91"]
[EventDate "2019.??.??"]

1. Nf3 d6 2. d4 g6 3. c4 Bg7 4. Nc3 Bg4 5. e3 Nf6 6. Bd3 O-O 7. h3 Bxf3 8. Qxf3
Nc6 9. O-O Rb8 10. Rb1 a5 11. a3 Nd7 12. Rd1 e5 13. d5 Ne7 14. e4 f5 15. b4
axb4 16. axb4 fxe4 17. Qxe4 Nf5 18. Nb5 Nf6 19. Qe1 Qd7 20. Be3 Nxe3 21. Qxe3
Nh5 22. Nc3 Nf4 23. Bf1 Bh6 24. Qe4 Qf7 25. Rb2 Qf6 26. g3 Nh5 27. c5 Qg5 28.
Qg4 Qe7 29. Qc4 Rf7 30. Ne4 Rbf8 31. Bg2 Nf6 32. Rc2 Nxe4 33. Qxe4 Qd7 34. c6
bxc6 35. dxc6 Qe7 36. b5 Rb8 37. Qd5 Kh8 38. Ra1 Qf6 39. Ra6 Qf5 40. Be4 Qf6
41. Bg2 Rff8 42. Qc4 Bg7 43. b6 Rbc8 44. b7 Rb8 45. Rca2 Rfd8 46. Ra8 1-0

[Event "FB22 1920 Lübecker SV - Delmenhorster "]
[Site "?"]
[Date "2019.09.14"]
[Round "1.3"]
[White "Kohls, Vera"]
[Black "Glinzner, Alva"]
[Result "0-1"]
[WhiteElo "1725"]
[BlackElo "1916"]
[PlyCount "72"]
[EventDate "2019.??.??"]

1. d4 Nf6 2. Nf3 e6 3. Bg5 Be7 4. e3 b6 5. Nbd2 d5 6. Bd3 Bb7 7. O-O Nbd7 8. c3
O-O 9. Qc2 c5 10. Rfe1 Rc8 11. Rac1 h6 12. Bh4 Re8 13. h3 Qc7 14. Nf1 Bd6 15.
Bb5 Ne4 16. N3d2 Nxd2 17. Qxd2 e5 18. Bxd7 Qxd7 19. Bg3 Qc6 20. f3 Rcd8 21. Qc2
Re6 22. Bh2 Rde8 23. Qf2 Qc7 24. Qd2 Qe7 25. Ng3 exd4 26. Nf5 Bxh2+ 27. Kxh2
Qg5 28. Qd3 c4 29. Nxh6+ Qxh6 30. Qxd4 Rxe3 31. Rxe3 Qxe3 32. Qd1 Qe2 33. Qa4
a6 34. Rc2 Qe5+ 35. Kg1 b5 36. Qb4 d4 0-1

[Event "FB22 1920 Lübecker SV - Delmenhorster "]
[Site "?"]
[Date "2019.09.14"]
[Round "1.4"]
[White "Mundt, Alexandra"]
[Black "Sinnhoefer, Lilian"]
[Result "1-0"]
[WhiteElo "1756"]
[BlackElo "1442"]
[PlyCount "69"]
[EventDate "2019.??.??"]

1. e4 e5 2. Nf3 Nc6 3. Bb5 a6 4. Ba4 b5 5. Bb3 Bc5 6. c3 Nf6 7. d3 h6 8. O-O d6
9. h3 Bb6 10. Be3 g5 11. Nbd2 g4 12. hxg4 Nxg4 13. Bxb6 cxb6 14. Bd5 Bd7 15. a4
bxa4 16. Rxa4 Nf6 17. Ra1 Rg8 18. Nc4 Nxd5 19. exd5 Qf6 20. dxc6 Bg4 21. Kh1 b5
22. Ne3 Bh5 23. Rg1 Bxf3 24. Qxf3 Rg5 25. Rge1 Qg6 26. c7 Rc8 27. Nd5 Kf8 28.
Kg1 Rf5 29. Qh3 Qe6 30. Ne3 Rf6 31. Qxe6 fxe6 32. Rxa6 Rxc7 33. Rxd6 Rcf7 34.
Ng4 Rf4 35. Nxe5 1-0

[Event "FB22 1920 SK Doppelbauer Kiel - Hamburg"]
[Site "?"]
[Date "2019.09.14"]
[Round "1.1"]
[White "Einacker, Silke"]
[Black "Gressmann, Hanna"]
[Result "1/2-1/2"]
[WhiteElo "1986"]
[BlackElo "1844"]
[PlyCount "23"]
[EventDate "2019.??.??"]

1. e4 d6 2. d4 Nf6 3. Nc3 Nbd7 4. f4 e5 5. Nf3 exd4 6. Qxd4 c6 7. a4 a5 8. Bc4
Be7 9. Bb3 Nc5 10. Bc4 O-O 11. Be3 Qc7 12. Ng5 1/2-1/2

[Event "FB22 1920 SK Doppelbauer Kiel - Hamburg"]
[Site "?"]
[Date "2019.09.14"]
[Round "1.2"]
[White "Hielscher, Ursula"]
[Black "Wulf, Constanze"]
[Result "0-1"]
[WhiteElo "1804"]
[BlackElo "1741"]
[PlyCount "86"]
[EventDate "2019.??.??"]

1. d4 d5 2. c4 e6 3. Nc3 c6 4. e3 Nf6 5. Nf3 Be7 6. Bd3 dxc4 7. Bxc4 b5 8. Bd3
Bb7 9. O-O a6 10. Ne5 Nbd7 11. Qc2 c5 12. Nxd7 Qxd7 13. dxc5 Bxc5 14. Ne4 Bxe4
15. Bxe4 Nxe4 16. Qxe4 O-O 17. Qc2 Rac8 18. Rd1 Qe7 19. Qe2 Bd6 20. a4 Rfd8 21.
axb5 axb5 22. e4 Be5 23. Be3 Qb4 24. Rxd8+ Rxd8 25. Bb6 Rb8 26. Qd1 Qxe4 27.
Ra5 Qc6 28. Be3 Bxb2 29. h3 Bf6 30. Qb3 h6 31. Ra7 Qc3 32. Qb1 Bd4 33. Bxd4
Qxd4 34. Ra5 b4 35. Ra4 Qc3 36. Qe4 b3 37. Ra8 Qc8 38. Rxb8 Qxb8 39. Qb1 b2 40.
g3 Qb3 41. Kh2 Qc3 42. Qa2 Qc1 43. Qa8+ Kh7 0-1

[Event "FB22 1920 SK Doppelbauer Kiel - Hamburg"]
[Site "?"]
[Date "2019.09.14"]
[Round "1.3"]
[White "Bildat, Emilia"]
[Black "Rempe, Janne"]
[Result "1-0"]
[WhiteElo "1736"]
[BlackElo "1677"]
[PlyCount "79"]
[EventDate "2019.??.??"]

1. c4 d6 2. g3 Nf6 3. Bg2 Nbd7 4. Nc3 e5 5. e4 Be7 6. Nge2 c6 7. O-O O-O 8. d3
Re8 9. f4 exf4 10. gxf4 Nf8 11. f5 N8d7 12. d4 c5 13. Kh1 cxd4 14. Qxd4 Ne5 15.
Bf4 Nc6 16. Qd2 Nh5 17. Nd5 Bh4 18. Be3 Ne5 19. Bd4 Ng4 20. Bf3 Bg5 21. Qd3
Nhf6 22. Bxg4 Nxg4 23. Rg1 Ne5 24. Qg3 Bf6 25. Nef4 Kh8 26. Nxf6 Qxf6 27. Nd5
Qh6 28. Nc7 Bd7 29. Nxa8 Rxa8 30. Bxe5 dxe5 31. Qxe5 Re8 32. Qd4 Bc6 33. Rae1
f6 34. Rg3 Qh5 35. Kg1 Qh4 36. Qxa7 Qf4 37. Qd4 Bxe4 38. Qf2 Qc7 39. Rge3 Qxc4
40. Qe2 1-0

[Event "FB22 1920 SK Doppelbauer Kiel - Hamburg"]
[Site "?"]
[Date "2019.09.14"]
[Round "1.4"]
[White "Rommeck, Christiane"]
[Black "Tegtmeier, Stephanie"]
[Result "0-1"]
[WhiteElo "1558"]
[BlackElo "1671"]
[PlyCount "56"]
[EventDate "2019.??.??"]

1. e4 c5 2. Nf3 Nc6 3. Bb5 a6 4. Bxc6 bxc6 5. O-O d5 6. exd5 cxd5 7. d4 c4 8.
b3 cxb3 9. axb3 Nf6 10. Nbd2 g6 11. c4 Bg7 12. c5 O-O 13. b4 Bd7 14. Nb3 Bb5
15. Re1 Ne4 16. Bf4 h6 17. h3 g5 18. Bh2 f5 19. Ne5 f4 20. Qg4 Qc8 21. Qh5 Qf5
22. Ng6 Rf7 23. f3 Nf6 24. Re5 Qxe5 25. Nxe5 Nxh5 26. Nxf7 Kxf7 27. Kf2 Bc4 28.
Na5 Bxd4+ 0-1

[Event "FB22 1920 SK Doppelbauer Kiel - Hamburg"]
[Site "?"]
[Date "2019.09.14"]
[Round "1.5"]
[White "Neumann, Ramona"]
[Black "Rempe, Mieke"]
[Result "0-1"]
[WhiteElo "1708"]
[BlackElo "1481"]
[PlyCount "54"]
[EventDate "2019.??.??"]

1. e4 c6 2. d4 d5 3. Nc3 dxe4 4. Nxe4 Nd7 5. Nf3 Ngf6 6. Nxf6+ Nxf6 7. Bc4 e6
8. O-O Bd6 9. Ne5 O-O 10. Bg5 Qc7 11. Bxf6 gxf6 12. Qg4+ Kh8 13. Nf3 Rg8 14.
Qh4 Be7 15. Bd3 Rg7 16. Kh1 e5 17. dxe5 fxe5 18. Qe4 Bd6 19. Rae1 f5 20. Qh4 e4
21. Qf6 Be7 22. Qc3 exf3 23. gxf3 Qf4 24. Bc4 Be6 25. Bxe6 Bd6 26. Qxg7+ Kxg7
27. Rg1+ Kf6 0-1

[Event "FB22 1920 SK Doppelbauer Kiel - Hamburg"]
[Site "?"]
[Date "2019.09.14"]
[Round "1.6"]
[White "Malinowsky, Celina"]
[Black "Hoefner, Nina"]
[Result "0-1"]
[WhiteElo "1244"]
[BlackElo "1577"]
[PlyCount "144"]
[EventDate "2019.??.??"]

1. e4 c5 2. Nc3 d6 3. Bc4 Nf6 4. d3 g6 5. f4 Bg7 6. Nf3 Nc6 7. a3 Bd7 8. O-O a6
9. Qe1 b5 10. Ba2 Qb6 11. Nd5 Nxd5 12. Bxd5 e6 13. Bxc6 Bxc6 14. c3 O-O 15. Be3
Qb7 16. b4 c4 17. dxc4 bxc4 18. Rd1 Rfd8 19. Bd4 Bxe4 20. Bxg7 Kxg7 21. Qd2
Qb6+ 22. Kh1 Bf5 23. Qd4+ Qxd4 24. Rxd4 Rac8 25. Rfd1 d5 26. Ne5 Bc2 27. R1d2
Bb3 28. Kg1 f6 29. Nf3 h6 30. Re2 Re8 31. Kf2 g5 32. fxg5 hxg5 33. h4 gxh4 34.
Rxh4 e5 35. Re1 Ba4 36. Reh1 Kf7 37. Rh7+ Ke6 38. R1h6 Rg8 39. Ra7 Ra8 40. Rb7
Rab8 41. Ra7 Rb6 42. Rhh7 Kf5 43. Rh5+ Ke4 44. Ne1 Rg4 45. g3 Bd1 46. Rh4 Rxh4
47. gxh4 d4 48. cxd4 exd4 49. Rc7 c3 50. Rc8 Rb5 51. Rc5 Rxc5 52. bxc5 c2 53.
Nxc2 Bxc2 54. Ke2 Ba4 55. h5 Kd5 56. c6 Kxc6 57. Kd3 Bb3 58. Kxd4 Bg8 59. Ke4
Bh7+ 60. Kf4 Kd6 61. a4 a5 62. Ke3 Ke5 63. Ke2 f5 64. Kf3 f4 65. h6 Kf5 66. Kf2
Kg4 67. Kf1 Kg3 68. Kg1 f3 69. Kh1 Kf2 70. Kh2 Ke3 71. Kg1 Ke2 72. Kh2 f2 0-1

[Event "FB22 1920 SV Hemer 1932 - SV Mülheim-N"]
[Site "?"]
[Date "2019.09.15"]
[Round "2.1"]
[White "Vogel, Heike"]
[Black "Cosma, Elena-Luminita"]
[Result "1/2-1/2"]
[WhiteElo "2143"]
[BlackElo "2315"]
[PlyCount "29"]
[EventDate "2019.??.??"]

1. d4 d5 2. Nf3 Nf6 3. Bf4 c5 4. e3 Nc6 5. c3 e6 6. Nbd2 Bd6 7. Ne5 Qc7 8. Ndf3
O-O 9. Bd3 b6 10. h4 Bb7 11. Rh3 cxd4 12. exd4 Ne4 13. Ng5 Nxe5 14. dxe5 Bxe5
15. Bxe4 1/2-1/2

[Event "FB22 1920 SV Hemer 1932 - SV Mülheim-N"]
[Site "?"]
[Date "2019.09.15"]
[Round "2.2"]
[White "Voicu-Jagodzinsky, Carmen"]
[Black "Plass, Mariana-Camelia"]
[Result "1-0"]
[WhiteElo "2252"]
[BlackElo "2035"]
[PlyCount "87"]
[EventDate "2019.??.??"]

1. e4 c5 2. Nc3 a6 3. g3 Nc6 4. Bg2 g6 5. Nge2 Bg7 6. d3 e6 7. O-O Nge7 8. Bg5
O-O 9. Qd2 Re8 10. Bh6 Bh8 11. Be3 Nd4 12. Rab1 Nec6 13. a3 b5 14. f4 b4 15.
axb4 cxb4 16. Nxd4 Nxd4 17. Nd1 Rb8 18. Qf2 Nc6 19. g4 d5 20. e5 f6 21. d4 Bg7
22. b3 fxe5 23. dxe5 Rf8 24. Qe2 a5 25. Bc5 Rf7 26. Nb2 Bh6 27. Nd3 Ba6 28. f5
gxf5 29. gxf5 exf5 30. e6 Rg7 31. Rxf5 Ne7 32. Rf7 Rb7 33. Rbf1 Rg6 34. Kh1 Bb5
35. Qf3 Bxd3 36. cxd3 Rxe6 37. Rxh7 Qf8 38. Qg4+ Rg6 39. Rxf8+ Kxh7 40. Rf7+
Bg7 41. Qh5+ Rh6 42. Rxg7+ Kxg7 43. Bd4+ Rf6 44. Qg5+ 1-0

[Event "FB22 1920 SV Hemer 1932 - SV Mülheim-N"]
[Site "?"]
[Date "2019.09.15"]
[Round "2.3"]
[White "Schmidt, Andrea"]
[Black "Ciolacu, Alessia-Mihaela"]
[Result "0-1"]
[WhiteElo "1993"]
[BlackElo "2069"]
[PlyCount "98"]
[EventDate "2019.??.??"]

1. e4 e5 2. Nf3 Nc6 3. d4 exd4 4. c3 dxc3 5. Nxc3 Bb4 6. Bc4 d6 7. Qb3 Bxc3+ 8.
bxc3 Qd7 9. Bb5 a6 10. Qa4 Nge7 11. O-O Rb8 12. Be2 Ne5 13. Qb3 Nxf3+ 14. Bxf3
Nc6 15. Ba3 O-O 16. Rad1 Ne5 17. Be2 Qc6 18. f4 Bg4 19. Rde1 Bxe2 20. Rxe2 Nc4
21. Bc1 Rfe8 22. Qc2 Re7 23. Qd3 Rbe8 24. Rfe1 b5 25. g4 f6 26. h4 h6 27. h5 a5
28. Kh2 Qc5 29. Kh3 Nb6 30. Kg2 Qc4 31. Qxc4+ Nxc4 32. Kf3 c6 33. Kf2 Kf7 34.
Kf3 Re6 35. Kf2 R6e7 36. Kf3 Kg8 37. Kf2 Kf8 38. g5 hxg5 39. fxg5 fxg5 40. Kg3
Re5 41. Kg4 d5 42. Rf1+ Kg8 43. Bxg5 Rxe4+ 44. Rxe4 Rxe4+ 45. Kf3 Ne5+ 46. Kf2
Rg4 47. Be3 Rh4 48. h6 Ng4+ 49. Kg3 Nxe3 0-1

[Event "FB22 1920 SV Hemer 1932 - SV Mülheim-N"]
[Site "?"]
[Date "2019.09.15"]
[Round "2.4"]
[White "Sewald, Kathrin"]
[Black "Hiebsch, Catalina"]
[Result "0-1"]
[WhiteElo "2015"]
[BlackElo "1770"]
[PlyCount "128"]
[EventDate "2019.??.??"]

1. e4 e5 2. Nf3 Nc6 3. Bc4 d6 4. O-O Be7 5. c3 Be6 6. Bb3 Qd7 7. Ba4 f6 8. d4
exd4 9. Nxd4 a6 10. Nxe6 Qxe6 11. Bb3 Qd7 12. f4 Nh6 13. Qh5+ Kd8 14. Nd2 f5
15. e5 d5 16. Qf3 Bc5+ 17. Kh1 Ne7 18. h3 c6 19. Qd3 Kc7 20. Nf3 Nf7 21. Be3
Bxe3 22. Qxe3 Nd8 23. Rfd1 b5 24. a4 Ne6 25. axb5 axb5 26. c4 Rxa1 27. Rxa1 Rb8
28. cxb5 Rxb5 29. Ba4 Rb6 30. Nd4 Nxd4 31. Qxd4 g6 32. Bd1 Kb7 33. Be2 Nc8 34.
b4 Kc7 35. Qc5 Kd8 36. Ra8 Qb7 37. Qf8+ Kc7 38. Qf7+ Kd8 39. Qg8+ Kc7 40. Qxh7+
Kd8 41. Qg8+ Kc7 42. Ra4 Rxb4 43. Ba6 Rb1+ 44. Kh2 Qb8 45. Qxg6 Qb6 46. Qxf5
Ne7 47. Qd3 Qg1+ 48. Kg3 Rb2 49. Kh4 Rxg2 50. Bc8 Nxc8 51. f5 Rg8 52. Rg4 Qe1+
53. Qg3 Rh8+ 54. Kg5 Qxg3 55. Rxg3 Rg8+ 56. Kf4 Rxg3 57. Kxg3 Ne7 58. Kf4 Kd7
59. h4 d4 60. f6 Ng6+ 61. Ke4 Nxe5 62. h5 d3 63. h6 d2 64. h7 Nf7 0-1

[Event "FB22 1920 SV Hemer 1932 - SV Mülheim-N"]
[Site "?"]
[Date "2019.09.15"]
[Round "2.5"]
[White "Hausrath, Michaela"]
[Black "Moeller, Lisa-Marie"]
[Result "0-1"]
[WhiteElo "1743"]
[BlackElo "1955"]
[PlyCount "104"]
[EventDate "2019.??.??"]

1. d4 c5 2. d5 Nf6 3. c4 e6 4. Nc3 exd5 5. cxd5 d6 6. e4 g6 7. Bd3 Bg7 8. h3
O-O 9. Nf3 Na6 10. O-O Nc7 11. Qc2 a6 12. a4 b6 13. Bf4 Nh5 14. Bh2 f5 15. exf5
Bxf5 16. Rad1 Bxh3 17. Bxg6 hxg6 18. Qxg6 Qe8 19. Qxd6 Rxf3 20. gxf3 Bxf1 21.
Rxf1 Rc8 22. Qxb6 Be5 23. Bxe5 Qxe5 24. Qg6+ Qg7 25. Qxg7+ Kxg7 26. Re1 Kf7 27.
Re5 Nf6 28. Ne4 Nxe4 29. fxe4 Rb8 30. Rh5 Ke7 31. Rh7+ Kd6 32. e5+ Kxe5 33.
Rxc7 Kxd5 34. Ra7 Rxb2 35. Rxa6 c4 36. Ra8 c3 37. Rc8 Kd4 38. Kg2 Ra2 39. Rd8+
Ke4 40. Rc8 Kd3 41. Rd8+ Kc2 42. f4 Kb1+ 43. Kf3 c2 44. Rb8+ Rb2 45. Rc8 Rb4
46. Rxc2 Kxc2 47. Kg4 Kd3 48. Kg5 Rxa4 49. f5 Ke4 50. f6 Ke5 51. f7 Rf4 52. Kg6
Ke6 0-1

[Event "FB22 1920 SV Hemer 1932 - SV Mülheim-N"]
[Site "?"]
[Date "2019.09.15"]
[Round "2.6"]
[White "Becker, Linda"]
[Black "Stoer, Agnes"]
[Result "1-0"]
[WhiteElo "1583"]
[BlackElo "1879"]
[PlyCount "51"]
[EventDate "2019.??.??"]

1. e4 e6 2. d4 d5 3. exd5 exd5 4. c4 Nf6 5. Nf3 Bb4+ 6. Nc3 O-O 7. Bd3 Re8+ 8.
Be3 Ng4 9. O-O Bxc3 10. bxc3 Nxe3 11. fxe3 Bg4 12. Qc2 Nc6 13. Bxh7+ Kh8 14.
Bf5 Bxf3 15. Rxf3 Qg5 16. Rg3 Qd8 17. Rf1 Ne7 18. Rh3+ Kg8 19. Be6 g6 20. Rxf7
Nf5 21. Re7+ Kf8 22. Rxe8+ Qxe8 23. Rh8+ Kg7 24. Rxe8 Rxe8 25. Bxf5 gxf5 26.
Qxf5 1-0

[Event "FB22 1920 Schachclub Steinfurt 1996 - S"]
[Site "?"]
[Date "2019.09.15"]
[Round "2.1"]
[White "Afraoui, Anaelle"]
[Black "Freitag, Julia"]
[Result "1/2-1/2"]
[WhiteElo "2106"]
[BlackElo "2120"]
[PlyCount "119"]
[EventDate "2019.??.??"]

1. e4 e6 2. d4 d5 3. Nc3 dxe4 4. Nxe4 Be7 5. Nf3 Nf6 6. Bd3 b6 7. Nxf6+ Bxf6 8.
Be4 c6 9. Bf4 Bb7 10. Qd2 a5 11. O-O Na6 12. Ne5 Bxe5 13. Bxe5 f6 14. Bg3 O-O
15. Rad1 Qd7 16. Rfe1 Rad8 17. Re2 c5 18. Bxb7 Qxb7 19. Rxe6 Rxd4 20. Qe2 Rxd1+
21. Qxd1 Nb4 22. a3 Nc6 23. Qd5 Nd8 24. Qxb7 Nxb7 25. Rxb6 Rd8 26. Kf1 Rd7 27.
Rc6 Kf7 28. Rc7 Rxc7 29. Bxc7 c4 30. Ke2 Ke6 31. Ke3 Kd5 32. h4 a4 33. Kd2 Nc5
34. f3 Ne6 35. Bb8 Nd4 36. Kc3 h5 37. Bh2 g5 38. hxg5 fxg5 39. Kb4 Nxc2+ 40.
Kxa4 g4 41. fxg4 hxg4 42. Kb5 c3 43. bxc3 Nxa3+ 44. Ka4 Nc2 45. Bf4 Kc4 46. Be5
Ne3 47. g3 Nd5 48. Ka3 Nxc3 49. Kb2 Ne2 50. Kc2 Kd5 51. Bb8 Ke4 52. Kd2 Kf3 53.
Ke1 Nxg3 54. Bc7 Ne2 55. Kf1 Nf4 56. Bxf4 Kxf4 57. Kf2 g3+ 58. Kg2 Kg4 59. Kg1
Kf3 60. Kf1 1/2-1/2

[Event "FB22 1920 Schachclub Steinfurt 1996 - S"]
[Site "?"]
[Date "2019.09.15"]
[Round "2.3"]
[White "Ehmann, Johanna"]
[Black "Miljkovic, Jovana"]
[Result "0-1"]
[WhiteElo "1868"]
[BlackElo "2015"]
[PlyCount "66"]
[EventDate "2019.??.??"]

1. e4 c5 2. Nf3 d6 3. d4 cxd4 4. Nxd4 Nf6 5. Nc3 e6 6. f3 a6 7. Be3 b5 8. Qd2
Nbd7 9. g4 Nb6 10. O-O-O Bb7 11. g5 Nfd7 12. Nb3 Rc8 13. Qf2 Rxc3 14. bxc3 Na4
15. Bd2 Qc7 16. Qd4 d5 17. Kb1 Bd6 18. f4 e5 19. fxe5 Bxe5 20. Qe3 O-O 21. Bg2
dxe4 22. Be1 Ndb6 23. Qh3 Nd5 24. Rd4 Naxc3+ 25. Bxc3 Nxc3+ 26. Kb2 Ne2 27.
Rhd1 Rc8 28. c3 Bxd4 29. Nxd4 Nf4 30. Qg3 Nd3+ 31. Rxd3 exd3 32. Bxb7 Qxc3+ 33.
Kb1 Qc1# 0-1